| 000 | 01104cam a22002415a 4500 | ||
|---|---|---|---|
| 001 | L159304 | ||
| 008 | 160606s2016 xxk f 000 0 eng d | ||
| 035 | _a(Sirsi) u159304 | ||
| 041 | 0 | _aeng | |
| 110 | 2 |
_aRoyal Institution of Chartered Surveyors _94900 |
|
| 245 | 0 | 0 |
_aResidential panel managers _h[archived] |
| 250 | _a1st ed | ||
| 260 |
_aLondon _bRICS _c2016 |
||
| 520 | _aThis protocol has been jointly set up and endorsed by an industry wide group comprising representatives of RICS, lenders, insurers and panel management firms involved in the residential mortgage valuation market. It sets out professional standards for the industry and, as a model for best practice, aims to improve protection for all parties to the valuation process. | ||
| 520 | _aIn effect May 2016 to May 2022 | ||
| 590 | _aKA | ||
| 650 | 2 | 4 | _aPROTOCOL |
| 651 | 4 | _aUnited Kingdom | |
| 690 |
_aValuation _96273 |
||
| 690 |
_aResidential property _96266 |
||
| 856 | 4 | 0 |
_uhttps://www.isurv.com/downloads/download/2074/residential_panel_managers_archived _zArchived on iSurv (subscription required) |
| 942 |
_n0 _2ddc |
||
| 999 |
_c115791 _d115791 |
||